EPIP : (Record no. 31850)
[ view plain ]
| 000 -LEADER | |
|---|---|
| fixed length control field | 00569nam a22001577a 4500 |
| 008 - FIXED-LENGTH DATA ELEMENTS--GENERAL INFORMATION | |
| fixed length control field | 230914b |||||||| |||| 00| 0 eng d |
| 020 ## - INTERNATIONAL STANDARD BOOK NUMBER | |
| International Standard Book Number | 9787113297228 |
| 050 ## - LIBRARY OF CONGRESS CALL NUMBER | |
| Classification number | LC1042.5 |
| Item number | .J56 2022 |
| 100 ## - MAIN ENTRY--PERSONAL NAME | |
| Personal name | JingQuan, Lv |
| 245 ## - TITLE STATEMENT | |
| Title | EPIP : |
| Remainder of title | Modeling Principle discourse application/ |
| Statement of responsibility, etc. | Lv JingQuan,Zhai Fengjie,Zhang Lei |
| 260 ## - PUBLICATION, DISTRIBUTION, ETC. (IMPRINT) | |
| Place of publication, distribution, etc. | China : |
| Name of publisher, distributor, etc. | China Railway Press, |
| Date of publication, distribution, etc. | 2022 |
| 300 ## - PHYSICAL DESCRIPTION | |
| Extent | 119p. ; |
| 490 ## - SERIES STATEMENT | |
| Series statement | Book series for luban workshop international development research |
| 650 ## - SUBJECT ADDED ENTRY--TOPICAL TERM | |
| Topical term or geographic name as entry element | Vocational Training |
| 942 ## - ADDED ENTRY ELEMENTS (KOHA) | |
| Source of classification or shelving scheme | |
| Koha item type | Hard Covered Materials |
| Classification part | LC1042.5 .J56 2022 |
| Withdrawn status | Lost status | Source of classification or shelving scheme | Damaged status | Not for loan | Home library | Current library | Shelving location | Date acquired | Source of acquisition | Cost, normal purchase price | Total Checkouts | Full call number | Barcode | Date last seen | Price effective from | Koha item type |
|---|---|---|---|---|---|---|---|---|---|---|---|---|---|---|---|---|
| MACHAKOS UNIVERSITY LIBRARY | MACHAKOS UNIVERSITY LIBRARY | Open shelf | 14/09/2023 | Donation-DVC RIL | 14052.00 | LC1042.5 .J56 2022 | 39657 | 14/09/2023 | 14/09/2023 | Hard Covered Materials | ||||||
| MACHAKOS UNIVERSITY LIBRARY | MACHAKOS UNIVERSITY LIBRARY | Open shelf | 14/09/2023 | Donation-DVC RIL | 14052.00 | LC1042.5 .J56 2022 | 39658 | 14/09/2023 | 14/09/2023 | Hard Covered Materials | ||||||
| MACHAKOS UNIVERSITY LIBRARY | MACHAKOS UNIVERSITY LIBRARY | Open shelf | 31/01/2024 | Donation-VC Prof. J Agalo | 14052.00 | LC1042.5 .J56 2022 | 39767 | 16/02/2024 | 13/02/2024 | Hard Covered Materials | ||||||
| MACHAKOS UNIVERSITY LIBRARY | MACHAKOS UNIVERSITY LIBRARY | Open shelf | 03/04/2025 | Donation- Luban | 14052.00 | LC1042.5 .J56 2022 | 40112 | 03/04/2025 | 03/04/2025 | Hard Covered Materials | ||||||
| MACHAKOS UNIVERSITY LIBRARY | MACHAKOS UNIVERSITY LIBRARY | Open shelf | 03/04/2025 | Donation- Luban | 14052.00 | LC1042.5 .J56 2022 | 40113 | 03/04/2025 | 03/04/2025 | Hard Covered Materials | ||||||
| MACHAKOS UNIVERSITY LIBRARY | MACHAKOS UNIVERSITY LIBRARY | Open shelf | 03/04/2025 | Donation- Luban | 14052.00 | LC1042.5 .J56 2022 | 40117 | 03/04/2025 | 03/04/2025 | Hard Covered Materials | ||||||
| MACHAKOS UNIVERSITY LIBRARY | MACHAKOS UNIVERSITY LIBRARY | Open shelf | 03/04/2025 | Donation- Luban | 14052.00 | LC1042.5 .J56 2022 | 40115 | 03/04/2025 | 03/04/2025 | Hard Covered Materials |